|
|
|
|
| LEADER |
01298nam a2200349 a 4500 |
| 001 |
000577676 |
| 003 |
CZ BrMZK |
| 005 |
20120627141847.0 |
| 007 |
ta |
| 008 |
011109s2001 xr e ccze d |
| 015 |
|
|
|a cnb001033092
|
| 020 |
|
|
|a 80-86529-11-8
|
| 035 |
|
|
|a (OCoLC)50343256
|
| 040 |
|
|
|a BOA001
|b cze
|
| 043 |
|
|
|a e-xr---
|
| 072 |
|
7 |
|a 791/793
|x Divadlo, film, tanec (obecně)
|2 Konspekt
|9 3
|
| 072 |
|
7 |
|a 929
|x Biografie
|2 Konspekt
|9 8
|
| 080 |
|
|
|a 929
|2 MRF
|
| 080 |
|
|
|a 791/792.071.2
|2 MRF
|
| 080 |
|
|
|a (0:82-94)
|2 MRF
|
| 100 |
1 |
|
|a Hořec, Petr,
|d 1926-2002
|7 jk01042316
|4 aut
|
| 245 |
1 |
0 |
|a Přátelství, která neumírají.
|p Jaroslav Marvan, Marie Rosůlková, Jaroslav Vojta, Josef Gruss /
|c Petr Hořec
|
| 246 |
3 |
0 |
|a Jaroslav Marvan, Marie Rosůlková, Jaroslav Vojta, Josef Gruss
|
| 250 |
|
|
|a Vyd. 1.
|
| 260 |
|
|
|a Praha :
|b Hart,
|c 2001
|
| 300 |
|
|
|a 88 s., [24] s. obr. příl., portréty ;
|c 18 cm
|
| 650 |
0 |
7 |
|a herci
|7 ph117199
|z Česko
|2 czenas
|
| 655 |
|
7 |
|a vzpomínky
|7 fd133830
|2 czenas
|
| 856 |
4 |
1 |
|u http://www.digitalniknihovna.cz/mzk/uuid/uuid:f38bec90-5366-11e3-ae59-005056827e52
|y Digitalizovaný dokument
|x NDK
|
| 910 |
|
|
|a BOA001
|b 1-1093.103
|
| 990 |
|
|
|a BK
|
| 996 |
6 |
|
|b 2610146868
|c 1-1093.103
|l MZK
|r Sklad / do 1 hodiny
|n 2
|p p.v.
|w 000577676
|u 000010
|a 1
|e BOA001
|j MZK50
|s P
|